000
00316nam a2200133Ia 4500
008
240624s9999 xx 000 0 und d
041
_a
eng
082
_a
657.45 ICF
100
_a
ICFAI
245
_a
AUDITING I WORKBOOK
260
_c
2005
_a
Hyderabad
_b
ICFAI University
300
_a
256 : p. : cm. ; 26
365
_c
RS
999
_c
5927
_d
5927